=LDR 00000nam 2200000 4500 =001 000986 =005 20250712021949 =035 ##$$a 0010-0725000865 =007 ta =008 250712################a##########0#ind## =020 ##$$a 978-623-307-311-0 =082 ##$$a 398.209 598 =084 ##$$a 398.209 598 APE s =100 #$$a Divine apedo =245 1#$$a Singkong dan sawit /$c Divine apedo =250 ##$$a Cetakan Pertama =260 ##$$a Rawamangun :$b Badan Pengembangan dan Pembinaan Bahasa,$c 2022 =300 ##$$a 14 hlm. : $b Ilus. ; $c 29,7 cm. =650 #4$$a Cerita Anak Indonesia - Terjemahan =650 #4$$a Literasi - Bahan bacaan =856 ##$$a TBM AS SUHADA